Phương pháp nghiên cứu khoa học

محفوظ في:
التفاصيل البيبلوغرافية
المؤلف الرئيسي: Đồng, Thị Thanh Phương
مؤلفون آخرون: Nguyễn, Thị Ngọc An
التنسيق: كتاب
منشور في: Hà Nội Lao động xã hội 2012
الطبعة:Tái bản lần thứ nhất
الموضوعات:
الوسوم: إضافة وسم
لا توجد وسوم, كن أول من يضع وسما على هذه التسجيلة!
Thư viện lưu trữ: Trung tâm Học liệu Lê Vũ Hùng, Trường Đại học Đồng Tháp
LEADER 01154pam a22003498a 4500
001 00035768
005 20171026081025.0
008 161228s2012 ||||||Viesd
020 # # |c 35000 
041 0 # |a Vie 
082 1 4 |a 371.3  |b PH561PH 
100 1 # |a Đồng, Thị Thanh Phương 
245 1 0 |a Phương pháp nghiên cứu khoa học  |c Đồng Thị Thanh Phương; Nguyễn Thị Ngọc An 
250 # # |a Tái bản lần thứ nhất  |b Có sữa chữa bổ sung 
260 # # |a Hà Nội  |b Lao động xã hội  |c 2012 
300 # # |a 218tr.  |c 21 cm. 
653 # # |a Hướng dẫn 
653 # # |a Nghiên cứu khoa học 
653 # # |a Phương pháp 
700 1 # |a  Nguyễn, Thị Ngọc An 
852 # # |b Kho mượn  |j KGT.0051670, KGT.0051671, KGT.0051672, KGT.0051673 
852 # # |b Kho đọc  |j KD.0019295 
852 # # |j KGT.0051670  |j KGT.0051671  |j KGT.0051673  |j KD.0019295  |j KGT.0051672 
910 0 # |d 28/12/2016 
980 # # |a Trung tâm Học liệu Lê Vũ Hùng, Trường Đại học Đồng Tháp